Sữ Dụng Auto CAD 2004

שמור ב:
מידע ביבליוגרפי
מחבר ראשי: Nguyễn Hữu Lộc
פורמט: ספר
שפה:Vietnamese
יצא לאור: TP Hồ Chí Minh 2007
תגים: הוספת תג
אין תגיות, היה/י הראשונ/ה לתייג את הרשומה!
Thư viện lưu trữ: Mạng thư viện Đại học Đà Nẵng
LEADER 00628nam a2200277 4500
001 000026577
003 646
005 20150325120000.0
008 150325s vm 000 vie
020 |c 58,0000 
040 |a NOTTS 
100 |a Nguyễn Hữu Lộc 
245 |a Sữ Dụng Auto CAD 2004 
260 |b TP Hồ Chí Minh  |c 2007 
300 |a 552tr. ; 
OWN |a LTT 
999 |a From the UDN01 
TYP |a Monograph 
TYP |a Printed language 
980 |a Mạng thư viện Đại học Đà Nẵng